Responses for Show #1340 - Friday, June 1, 1990

Contestants

[<< previous game]

Brad Williams, a reporter and writer from La Crosse, Wisconsin

Beth Andreasen, a history professor from San Marcos, Texas

Tom Stimson, an attorney from El Cerrito, California (whose 1-day cash winnings total $8,399)

[next game >>]

Jeopardy! Round responses

STARTS WITH "KH"
1984 MOVIES
ROCKS & MINERALS
CITY NAME ORIGINS
FOOD
POTPOURRI
    $100 1
Khartoum

Beth
    $100 12
The Karate Kid

Brad
    $100 26
diamond

Tom
    $100 6
Oxford

Tom
    $100 11
rhubarb

Brad
    $100 17
(Brad: Who is Jayne Mansfield?)

Marilyn Monroe

TomBrad
    $200 2
Ayatollah Khomeini

Tom
    $200 13
The Killing Fields

Brad
    $200 27
radioactivity

Beth
    $200 7
Tucson

Brad
    $200 22
beefalo

Tom
    $200 18
stalactites & stalagmites

Brad
    $300 3
Khyber Pass

Triple Stumper
    $300 14
A Soldier's Story

Brad
    $300 28
(Tom: What is not permeable to paint?)

fireproof

Tom
Triple Stumper
    $300 8
Canton

Tom
    $300 23
wax bean

Beth
    $300 19
filament

Brad
    $400 4
Khufu

Tom
    $400 15
Steve Martin

Brad
    $500 29
(Beth: What is jasper?)
[The end-of-round signal sounds.]

marble

Beth
    $400 9
Jodhpur

Triple Stumper
    $400 24
knish

Tom
    $400 20
William S. Gilbert

Tom
    $500 5
(Beth: What is khafir?)
(Tom: What is khan?)

khedive

TomBeth
Triple Stumper
    $500 16
(Alex: You are correct, & you did well in that category, nicely done!)
(audience applause)

Moscow On The Hudson

Brad
    $500 10
Tripoli

Tom
    $500 25
pesto

Tom
    $500 21
(Brad: What is Maryland?)

Virginia

TomBrad

Scores at the first commercial break (after clue 16):

Tom Beth Brad
$1,000 -$400 $1,800

Scores at the end of the Jeopardy! Round:

Tom Beth Brad
$2,900 -$400 $1,700

Double Jeopardy! Round responses

SHAKESPEARE
U.S. HISTORY
LANGUAGES
MONARCHS
CANADA
SNAKES
    $200 7
(Brad: Who is Lady Macbeth?)

Macbeth

Brad
Triple Stumper
    $200 1
linsey-woolsey

Beth
    $200 6
Portuguese

Brad
    $200 15
The Crusades

Brad
    $200 20
Winnipeg

Brad
    $200 26
(Alex: Less than a minute to go in the round.)

eyes

Brad
    $400 8
Julius Caesar

Brad
    $400 2
Truman & Kennedy

Brad
    $400 11
Latin

Beth
    $400 16
"Mad" King Ludwig II

Beth
    $400 21
The Klondike

Triple Stumper
    $400 27
hood

Tom
    $600 9
Richard III

Brad
    $600 3
Hartford, CT

Beth
    $600 12
Italian

Tom
    $2,000 17
(Beth: What is Anthony?)

Constantine

Beth
    $600 23
Labrador

Tom
    $600 28
legs

Tom
    $800 10
Diana

Tom
    $800 4
Secretary of the Treasury

Brad
    $1,300 13
Romania

Tom
    $800 18
Egypt

Tom
    $800 24
Windsor

Tom
    $800 29
copperheads, cottonmouths & rattlesnakes

Triple Stumper
    $1000 22
Twelfth Night

Brad
    $1000 5
John Burgoyne

Tom
    $1000 14
Latvian

Beth
    $1000 19
(Brad: What is Brunei?)

Oman

Brad
Triple Stumper
    $1000 25
(Tom: Snakes for $200)
(Alex: People hate snakes - that's why we took so long to get to them!)

Baffin Island

Tom
    $1000 30
neurotoxic (which attacks the nervous system)

Triple Stumper

Scores at the end of the Double Jeopardy! Round:

Tom Beth Brad
$10,800 $200 $4,500
(lock game)

[wagering suggestions for these scores]

Final Jeopardy! Round responses

FAMOUS WOMEN
(Alex: Join us next Monday, won't you, ladies and gentlemen? So long!)
BethWho was Shirley Temple?
$195
BradWho is Beverly Sills?
$4,400
TomWho was Fanny Brice?
$1,799
Beverly "Bubbles" Sills

Final scores:

Tom Beth Brad
$9,001 $5 $8,900
2-day champion: $17,400 3rd place: Service Merchandise Gift Certificate 2nd place: Trip to Boston

Game dynamics:

Coryat scores:

Tom Beth Brad
$10,300 $2,700 $4,500
22 R
(including 1 DD),
2 W
8 R,
3 W
(including 2 DDs)
18 R,
4 W

Combined Coryat: $17,500

[game clues] [game scores] [suggest correction]

Game tape date: 1990-01-29
The J! Archive is created by fans, for fans. Scraping, republication, monetization, and malicious use prohibited; this site may use cookies and collect identifying information. See terms. The Jeopardy! game show and all elements thereof, including but not limited to copyright and trademark thereto, are the property of Jeopardy Productions, Inc. and are protected under law. This website is not affiliated with, sponsored by, or operated by Jeopardy Productions, Inc. Join the discussion at JBoard.tv.